| 000 | 00495cam a2200181 a 4500 | ||
|---|---|---|---|
| 020 | _a9788186307441 | ||
| 020 | _a8186307443 | ||
| 040 | _cDKAGE | ||
| 082 | 0 | 4 | _a338 PRA 2012 A035 Or. |
| 245 | 0 | 0 |
_aAgriculture and rural development : _ba foretaste / |
| 260 |
_aGuwahati : _bDVS Publishers, _c2012. |
||
| 300 |
_axix, 315 p. : _bill. ; _c23 cm. |
||
| 500 | _aContributed articles. | ||
| 650 | 0 | _aAgriculture | |
| 650 | 0 | _aRural development | |
| 700 | 1 | _aAhmed, Jaynal Uddin, | |
| 942 | _cAEDBB | ||
| 999 |
_c20812 _d20812 |
||